Bioinquiry learning system 1.0: Making connections in biology (Record no. 42355)

MARC details
000 -LEADER
fixed length control field 00410nam a2200145Ia 4500
020 ## - INTERNATIONAL STANDARD BOOK NUMBER
ISBN 0471395900
082 ## - DEWEY DECIMAL CLASSIFICATION NUMBER
Classification number 57:37.015.2
Item number PRU
100 ## - MAIN ENTRY--AUTHOR NAME
Personal name Pruitt, Nancy L
245 #0 - TITLE STATEMENT
Title Bioinquiry learning system 1.0: Making connections in biology
260 ## - PUBLICATION, DISTRIBUTION, ETC. (IMPRINT)
Place of publication New York
Name of publisher John WIley & Sons
Year of publication 2000
650 ## - SUBJECT ADDED ENTRY--TOPICAL TERM
Topical Term Biodiversity
650 ## - SUBJECT ADDED ENTRY--TOPICAL TERM
Topical Term Molecular biology
942 ## - ADDED ENTRY ELEMENTS (KOHA)
Koha item type Books
Holdings
Withdrawn status Lost status Damaged status Not for loan Home library Current library Date acquired Full call number Accession Number Koha item type
        RRII Library RRII Library 16/12/2021 57:37.015.2 PRU 22629 Books